Tableau des médailles olympiques - Londres 1908 - Statistiques

Statistiques générales
  • Ce quiz a été pris 12 fois
  • Le résultat moyen est 10 sur 12
Statistiques - réponses
Or Argent Bronze Total Pays % Correct
23 12 12 47 États-Unis
100%
5 5 9 19 France
100%
56 51 39 146 Grande-Bretagne
100%
8 6 11 25 Suède
100%
3 5 5 14 Allemagne
91%
3 3 10 16 Canada
91%
0 2 3 5 Danemark
91%
1 2 2 5 Australasie
82%
2 3 3 8 Norvège
82%
1 1 3 5 Finlande
73%
1 5 2 8 Belgique
64%
3 4 2 9 Hongrie
64%
Aucun quiz correspondant
Distribution des résultats
% des personnes avec chaque résultat
Percentile par nombre de réponses
Votre historique - résultats
Vous n’avez pas pris ce quiz